Cuphead Boss by Picture - Statistics

General Stats
  • This quiz has been taken 67 times
  • The average score is 14 of 25
Answer Stats
Picture Answer % Correct
The Devil
89%
The Root Pack
89%
King Dice
85%
Goopy Le Grande
76%
Hilda Berg
76%
Ribby and Croaks
70%
Beppi The Clown
65%
Baroness Von Bon Bon
63%
Djimmi The Great
63%
Cagney Carnation
61%
Chef Saltbaker
61%
Captain Brineybeard
59%
Grim Matchstick
59%
Sally Stageplay
59%
Wally Warbles
59%
Werner Werman
52%
Rumor Honeybottoms
50%
Phantom Express
48%
Angel and Devil
46%
Dr. Kahl's Robot
46%
The Moonshine Mob
35%
Mortimer Freeze
33%
Esther Winchester
31%
Glumstone The Giant
31%
The Howling Aces
30%
No matching quizzes found
Score Distribution
Percent of People with Each Score
Percentile by Number Answered
Your Score History
You have not taken this quiz